Kľúč od každých dverí. /

Uložené v:
Podrobná bibliografia
Hlavný autor: Solivajsová, Zlata (Author)
Médium: Kniha
Jazyk:Slovak
Vydané: Liptovský Mikuláš : Tranoscius, a.s., 1996
Vydanie:2. vyd. (v Tranosciu 1.).
Edícia:Klub čitateľov Tranoscia Zv. 3.
Témy:
ISBN: 8071400807 (viaz.)
Fyzický popis: 102 s.
Tagy: Pridať tag
Žiadne tagy, Buďte prvý kto otaguje tento záznam!

MARC

LEADER 00000nam a2200000 a 4500
001 000040310
003 SVKK
005 19960822000000.0
008 960610s1996 xo e sloo
020 |a 8071400807 (viaz.) 
040 |a SVKKK  |b slo  |c SVKKK  |e AACR2 
041 0 |a slo 
044 |a xo  |c SK 
080 |a 885.4-3 Solivajsová, Z.  |2 1997 
100 1 |a Solivajsová, Zlata  |4 aut 
245 1 0 |a Kľúč od každých dverí. /  |c Zlata Solivajsová 
250 |a 2. vyd. (v Tranosciu 1.). 
260 |a Liptovský Mikuláš :  |b Tranoscius, a.s.,  |c 1996 
300 |a 102 s. 
440 0 |a Klub čitateľov Tranoscia  |v Zv. 3. 
655 7 |a umelecká literatúra  |2 SVKKKPH 
910 |a svkkk 
919 |a 80-7140-080-7 
974 |a MI  |d 19960725 
974 |a KL  |d 19960620 
974 |a PA  |d 19960822 
998 |a BK 
090 |g SCKHL  |k Sklad Pribinova 2. posch.  |a III.172775  |j 896315  |i 2720074074  |s Absenčne